000
00193 a2200097 4500
001
7990
100
_a
Fleming, P
245
_a
Invasion 1940
260
_a
_b
Hart davis
_c
090
_c
6399
_d
6399
942
_a
NUST-CAE
_c
M
_c
32932
999
_c
243063
_d
243063